| 000 | 00712nam a22002297a 4500 | ||
|---|---|---|---|
| 003 | OSt | ||
| 005 | 20190613125635.0 | ||
| 008 | 180221b xxu||||| |||| 00| 0 spa d | ||
| 040 | _cPJ | ||
| 100 |
_aAbelenda, César Augusto _92629 |
||
| 245 | 1 | 0 |
_aDerecho civil : _bparte general / _cCésar Augusto Abelenda. |
| 260 |
_aBuenos Aires : _bAstrea, _c1980. |
||
| 300 |
_a2 v. _c23 cm. |
||
| 650 | 0 |
_aDERECHO CIVIL _9352 |
|
| 650 | 0 |
_aPRINCIPIOS GENERALES DEL DERECHO _91676 |
|
| 650 | 0 |
_aFUENTES DEL DERECHO _92630 |
|
| 650 | 0 |
_aINHABILITACIÓN (CIVIL) _92343 |
|
| 650 | 0 |
_aNOMBRE _92538 |
|
| 650 | 0 |
_aFIN DE LA EXISTENCIA DE LA PERSONA _91274 |
|
| 650 | 0 |
_aDOMICILIO _92631 |
|
| 942 |
_2udc _cLIB _h347.1 _iABE |
||
| 999 |
_c1714 _d1714 |
||